Получение миллисекундного электронного пучка в форвакууме; Перспективы развития фундаментальных наук; Т. 7 : IT-технологии и электроника

Podrobná bibliografie
Parent link:Перспективы развития фундаментальных наук=Prospects of Fundamental Sciences Development: сборник научных трудов XIV Международной конференции студентов, аспирантов и молодых ученых, г. Томск, 25-28 апреля 2017 г./ Национальный исследовательский Томский политехнический университет (ТПУ) ; под ред. И. А. Курзиной, Г. А. Вороновой.— , 2017
Т. 7 : IT-технологии и электроника.— 2017.— [С. 12-14]
Hlavní autor: Андрейчик А. П.
Další autoři: Казаков А. В. (научный руководитель), Медовник А. В., Окс Е. М.
Shrnutí:Заглавие с экрана
The possibility of generation of a quasicontinuous electron beam with pulse duration up to 4.2 ms from arc discharge plasma in the forevacuum pressure range is presented. It is shown, that the voltage-current characteristic of the forevacuum plasma electron source generating millisecond electron beam has a "classical" form for electron sources with a plasma cathode.
Jazyk:ruština
Vydáno: 2017
Témata:
On-line přístup:http://earchive.tpu.ru/handle/11683/45323
Médium: MixedMaterials Elektronický zdroj Kapitola
KOHA link:https://koha.lib.tpu.ru/cgi-bin/koha/opac-detail.pl?biblionumber=625665

MARC

LEADER 00000naa2a2200000 4500
001 625665
005 20231101133356.0
035 |a (RuTPU)RU\TPU\conf\24925 
035 |a RU\TPU\conf\21616 
090 |a 625665 
100 |a 20171216d2017 k y0rusy50 ca 
101 0 |a rus  |d eng 
102 |a RU 
105 |a y z 100zy 
135 |a drcn ---uucaa 
181 0 |a i  
182 0 |a b 
200 1 |a Получение миллисекундного электронного пучка в форвакууме  |d Generation of the millisecond electron beam at forevacuum  |f А. П. Андрейчик, А. В. Казаков, А. В. Медовник  |g науч. рук. Е. М. Окс 
203 |a Текст  |c электронный 
230 |a 1 компьютерный файл (pdf; 289 Kb) 
300 |a Заглавие с экрана 
320 |a [Библиогр.: с. 14 (7 назв.)] 
330 |a The possibility of generation of a quasicontinuous electron beam with pulse duration up to 4.2 ms from arc discharge plasma in the forevacuum pressure range is presented. It is shown, that the voltage-current characteristic of the forevacuum plasma electron source generating millisecond electron beam has a "classical" form for electron sources with a plasma cathode. 
461 1 |0 (RuTPU)RU\TPU\conf\21388  |t Перспективы развития фундаментальных наук  |l Prospects of Fundamental Sciences Development  |o сборник научных трудов XIV Международной конференции студентов, аспирантов и молодых ученых, г. Томск, 25-28 апреля 2017 г.  |o в 7 т.  |f Национальный исследовательский Томский политехнический университет (ТПУ) ; под ред. И. А. Курзиной, Г. А. Вороновой  |d 2017 
463 1 |0 (RuTPU)RU\TPU\conf\21398  |t Т. 7 : IT-технологии и электроника  |v [С. 12-14]  |d 2017 
510 1 |a Generation of the millisecond electron beam at forevacuum  |z eng 
610 1 |a электронные ресурсы 
610 1 |a электронные пучки 
610 1 |a генерация 
610 1 |a электронно-лучевые технологии 
610 1 |a катодные пятна 
700 1 |a Андрейчик  |b А. П. 
701 1 |a Казаков  |b А. В. 
701 1 |a Медовник  |b А. В. 
702 1 |a Окс  |b Е. М.  |4 727 
801 2 |a RU  |b 63413507  |c 20171219  |g RCR 
856 4 |u http://earchive.tpu.ru/handle/11683/45323 
942 |c BK